Classical dynamics of particles and systems

Gorde:
Xehetasun bibliografikoak
Egile nagusia: Thornton, Stephen T.
Formatua: Liburua
Hizkuntza:Undetermined
Argitaratua: Belmont, CA Brooks/Cole 2004
Gaiak:
Etiketak: Etiketa erantsi
Etiketarik gabe, Izan zaitez lehena erregistro honi etiketa jartzen!
Thư viện lưu trữ: Trung tâm Học liệu Trường Đại học Cần Thơ
LEADER 00629nam a2200217Ia 4500
001 CTU_105983
008 210402s9999 xx 000 0 und d
020 |c 128.29 
082 |a 531.11 
082 |b T513 
100 |a Thornton, Stephen T. 
245 0 |a Classical dynamics of particles and systems 
245 0 |c Stephen T. Thornton, Terry B. Marion 
260 |a Belmont, CA 
260 |b Brooks/Cole 
260 |c 2004 
526 |a Cơ học lý thuyết 
526 |b TNL607 
650 |a Classical dynamics,Dynamics 
904 |i Minh (Nguyên sửa) 
980 |a Trung tâm Học liệu Trường Đại học Cần Thơ